| 000 | 00779nam a2200289Ia 4500 | ||
|---|---|---|---|
| 003 | OSt | ||
| 005 | 20220912151545.0 | ||
| 006 | a|||||r|||| 00| 0 | ||
| 007 | ta | ||
| 008 | 220909b |||||||| |||| 00| 0 eng d | ||
| 024 | _a57372 | ||
| 037 | _cTextual | ||
| 040 |
_aCSL _beng _cCSL |
||
| 041 | _aeng | ||
| 082 | _aL11:2-472, M1 | ||
| 100 | _aVasiliev J M | ||
| 245 | 0 | _aNeoplastic and normal cells in culture | |
| 260 |
_aCambridge _bUniversity press _c1981 |
||
| 300 |
_a372p. _ccm. |
||
| 490 | _aDevelopmental and cell biology; 8 | ||
| 500 | _aBibliography 275-346p | ||
| 650 | _a Cell culture | ||
| 650 | _aTumours | ||
| 700 | _a Gelfand I M | ||
| 942 |
_hL11:2-472, M1 _cTEXL _2CC |
||
| 999 |
_c71250 _d71250 |
||